<?xml version="1.0" encoding="UTF-8"?>
<record
    xmlns:xsi="http://www.w3.org/2001/XMLSchema-instance"
    xsi:schemaLocation="http://www.loc.gov/MARC21/slim http://www.loc.gov/standards/marcxml/schema/MARC21slim.xsd"
    xmlns="http://www.loc.gov/MARC21/slim">

  <leader>01981nam a2200265 u 4500</leader>
  <controlfield tag="001">65935</controlfield>
  <controlfield tag="005">20260504071358.0</controlfield>
  <controlfield tag="008">960313s1991       ||||||m|         spa  </controlfield>
  <datafield tag="035" ind1=" " ind2=" ">
    <subfield code="a">65935</subfield>
  </datafield>
  <datafield tag="041" ind1=" " ind2=" ">
    <subfield code="a">spa</subfield>
  </datafield>
  <datafield tag="082" ind1=" " ind2="4">
    <subfield code="a">305</subfield>
  </datafield>
  <datafield tag="100" ind1="1" ind2="0">
    <subfield code="a">Ospina Ramirez, Rosalba</subfield>
    <subfield code="4">aut</subfield>
    <subfield code="e">aut</subfield>
    <subfield code="9">257547</subfield>
  </datafield>
  <datafield tag="245" ind1="1" ind2="0">
    <subfield code="a">Influencia de la cultura urbana en el proceso de descomposici&#xF3;n y conservaci&#xF3;n de la cultura tradicional campesina en la zona rural de Aguas Fr&#xED;as</subfield>
  </datafield>
  <datafield tag="260" ind1=" " ind2=" ">
    <subfield code="a">Medell&#xED;n :</subfield>
    <subfield code="b">[sin publicador],</subfield>
    <subfield code="c">1991.</subfield>
  </datafield>
  <datafield tag="300" ind1=" " ind2=" ">
    <subfield code="a">137 hojas.</subfield>
  </datafield>
  <datafield tag="505" ind1=" " ind2=" ">
    <subfield code="a">CONTENIDO : Notas de aceptaci&#xF3;n. -- Introducci&#xF3;n. -- Objetivos. -- Dise&#xF1;o metodol&#xF3;gico utilizado en la investigaci&#xF3;n. -- Marco te&#xF3;rico. -- Presentaci&#xF3;n. -- Historia de la vereda Aguas Fr&#xED;as. -- 1: La educaci&#xF3;n y su relaci&#xF3;n con los cambio culturales en la vereda. -- 1.1: Educaci&#xF3;n: una instituci&#xF3;n que no colma las expectativas en aguas fr&#xED;as. -- 1.2: El grupo familiar en proceso de cambio. -- 2: La tradici&#xF3;n religiosa en los habitantes de aguas fr&#xED;as. -- 2.1: Influencia del sacerdote en la permanencia de tradiciones y costumbres campesinas. -- 2.2: Una diferencia entre dos generaciones. -- 3: Vida cotidiana y utilizaci&#xF3;n del tiempo libre en la poblaci&#xF3;n de Aguas Fr&#xED;as. -- 4: Decoraci&#xF3;n de las viviendas: una expresi&#xF3;n de la cultura tradicional campesina en Aguas Fr&#xED;as. -- 5: Los gustos musicales como expresi&#xF3;n de sentimientos en los habitantes de Aguas Fr&#xED;as. -- 6: Conclusiones. -- Lista de anexos. -- Bibliograf&#xED;a.</subfield>
  </datafield>
  <datafield tag="650" ind1=" " ind2=" ">
    <subfield code="a">Campesinos - Aguas Frias (Medellin)</subfield>
    <subfield code="9">172299</subfield>
  </datafield>
  <datafield tag="650" ind1=" " ind2="7">
    <subfield code="a">Cultura urbana</subfield>
    <subfield code="2">lemb</subfield>
    <subfield code="9">32981</subfield>
  </datafield>
  <datafield tag="650" ind1=" " ind2="7">
    <subfield code="a">Cultura popular</subfield>
    <subfield code="2">lemb</subfield>
    <subfield code="9">38258</subfield>
  </datafield>
  <datafield tag="650" ind1=" " ind2="7">
    <subfield code="a">Sociolog&#xED;a rural</subfield>
    <subfield code="2">lemb</subfield>
    <subfield code="9">2277</subfield>
  </datafield>
  <datafield tag="700" ind1="1" ind2="0">
    <subfield code="a">Alvarez Otalvaro, Orlando</subfield>
    <subfield code="4">aut</subfield>
    <subfield code="e">aut</subfield>
    <subfield code="9">480092</subfield>
  </datafield>
  <datafield tag="700" ind1="1" ind2="0">
    <subfield code="a">Zapata Montoya, Gardenia</subfield>
    <subfield code="4">aut</subfield>
    <subfield code="e">aut</subfield>
    <subfield code="9">257548</subfield>
  </datafield>
  <datafield tag="942" ind1=" " ind2=" ">
    <subfield code="c">TESIS</subfield>
  </datafield>
  <datafield tag="999" ind1=" " ind2=" ">
    <subfield code="c">23192</subfield>
    <subfield code="d">23192</subfield>
  </datafield>
  <datafield tag="500" ind1=" " ind2=" ">
    <subfield code="a">Tesis (Maestria en Problemas Sociales Contemporaneos, Emergencias y Desastres ). Universidad de Antioquia - T&#xED;tulo del grado otorgado</subfield>
  </datafield>
  <datafield tag="952" ind1=" " ind2=" ">
    <subfield code="0">0</subfield>
    <subfield code="1">0</subfield>
    <subfield code="4">0</subfield>
    <subfield code="7">0</subfield>
    <subfield code="8">ANTIOQUIA</subfield>
    <subfield code="a">BC</subfield>
    <subfield code="b">BC</subfield>
    <subfield code="d">1998-05-15</subfield>
    <subfield code="i">C107002</subfield>
    <subfield code="l">0</subfield>
    <subfield code="o">305.56 O83i</subfield>
    <subfield code="p">61000002209522</subfield>
    <subfield code="r">2023-04-20 00:00:00</subfield>
    <subfield code="t">1</subfield>
    <subfield code="w">2023-04-20</subfield>
    <subfield code="y">TESISI</subfield>
  </datafield>
  <datafield tag="952" ind1=" " ind2=" ">
    <subfield code="0">0</subfield>
    <subfield code="1">0</subfield>
    <subfield code="4">0</subfield>
    <subfield code="7">0</subfield>
    <subfield code="8">TESISBC</subfield>
    <subfield code="a">BC</subfield>
    <subfield code="b">BC</subfield>
    <subfield code="d">2002-05-09</subfield>
    <subfield code="e">Material adquirido por donaci&#xF3;n</subfield>
    <subfield code="i">C732614</subfield>
    <subfield code="l">0</subfield>
    <subfield code="o">305.56 O83i e2</subfield>
    <subfield code="p">61000003556178</subfield>
    <subfield code="r">2023-04-20 00:00:00</subfield>
    <subfield code="t">2</subfield>
    <subfield code="w">2023-04-20</subfield>
    <subfield code="y">TESIS</subfield>
  </datafield>
</record>
